000
00311nam a22001337a 4500
020
_a
81-7254-090-6
082
_a
824
_b
SAD/E
100
_a
SADASIVA RAU,V. N
245
_a
ESSAYS FOR COLLEGE LEVEL& COMPETITIVE EXAMS
260
_a
CHENNAI
_b
SURA BOOKS
300
_a
220
650
_a
ESSAYS
_z
CHENNAI
942
_c
BK
999
_c
3730
_d
3730